Práca a sociálny rozvoj v prestavbe hospodárskeho mechanizmu 8. konferencia s celoštátnou pôsobnosťou

Guardado en:
Detalles Bibliográficos
Formato: Libro
Lenguaje:eslovaco
Publicado: Bratislava Dom techn. ČSVTS 1989
Edición:1. vyd.
Etiquetas: Agregar Etiqueta
Sin Etiquetas, Sea el primero en etiquetar este registro!

MARC

LEADER 00000nam a2200000 4500
001 c031171
005 20250609122403.7
041 0 |a slo 
044 |a SK 
245 1 0 |a Práca a sociálny rozvoj v prestavbe hospodárskeho mechanizmu  |b 8. konferencia s celoštátnou pôsobnosťou 
250 |a 1. vyd. 
264 1 |a Bratislava  |b Dom techn. ČSVTS  |c 1989 
300 |a 77 s.